| LEADER |
01009nam0a2200205 450 |
| 001 |
16848395 |
| 010 |
|
|
|a 978-2-7540-0563-0
|b Br.
|d 22,9
|
| 100 |
|
|
|a 20071130d2007 u u0frey01 ba
|
| 101 |
0 |
|
|a fre
|
| 102 |
|
|
|a FR
|
| 200 |
0 |
|
|a Moyen Age pour les nuls (Le)
|f Pierre Langevin
|
| 207 |
|
1 |
|a
|
| 210 |
|
|
|a Paris
|b 70, rue d' Assas.
|c First
|d 2007
|
| 215 |
|
|
|a 384 p.
|c illustrations en noir et blanc
|d 23 x 19 cm
|
| 225 |
1 |
|
|a Pour les nuls
|
| 330 |
|
|
|a Mille ans d'histoire pendant lesquels la Gaule devient tour à tour la Neustrie et l'Austrasie, la Francie occidentale et orientale. Mille ans pendant lesquels le latin se mâtine de germain, se transforme en dialectes romans, en langues d'oc et d'oïl, puis en français. Médiéviste, l'auteur présente les différentes facettes du Moyen Age en France.
|
| 700 |
|
0 |
|a Langevin
|b Pierre
|4 70
|
| 900 |
|
|
|a Documentaire
|
| 901 |
|
|
|a Accessible au prêt
|
| 995 |
|
|
|a Bibliothèque
|c Bibliothèque
|f 00156006285563
|h 00156006285563
|k 940.1 LAN
|o p
|q a
|r az
|e Bibliothèque
|